| 000 | 01623nam a22002417a 4500 | ||
|---|---|---|---|
| 005 | 20250905112148.0 | ||
| 006 | a|||||r||||||||||| | ||
| 008 | s2023 nyua 001 0 eng | | ||
| 020 | _a9780241655771 | ||
| 040 |
_aGR-AtMCL _beng |
||
| 245 | 0 | 0 |
_aFashion : _bthe definitive visual guide / _csenior editor, Kathryn Hennessy. |
| 250 | _aNew edition. | ||
| 250 | _aSecond edition. | ||
| 264 | 1 |
_aNew York : _bDK Publishing, _c2023 |
|
| 300 |
_a480 p. : _bcolor ill. ; _c29 cm |
||
| 500 | _aIncludes index. | ||
| 520 | _aThe ultimate introduction to art and culture presents 3,000 years of fashion in one gorgeous coffee table book. This is the definitive visual guide to everything ever worn. Fashion: The Definitive Visual Guide brings you a grand gallery of more than 3,000 years of fashion history. From simple to sophisticated, elegant to excessive, what we wear defines who we are. Discover all you need to know about the evolution of costume and dress from different eras in this all-encompassing guide to fashion. Explore the pages of this curated coffee table book, which offers: - Over 1,500 costumes from around the world. - 'Closer Look' sections provide a detailed analysis of fashion past and present. - Picture-packed galleries that explore how social media and fast fashion have impacted diversity and beauty ideals. The 6 core chapters are structured chronologically,so there's something for everyone to explore, learn and love. | ||
| 650 | 0 |
_aFashion _99926 |
|
| 650 | 0 |
_aClothing and dress _xHistory _910087 |
|
| 700 |
_aHennessy, Kathryn _4340 _910099 |
||
| 942 | _cBK | ||
| 999 |
_c9929 _d9929 |
||